| 000 | 00862nam a2200241Ia 4500 | ||
|---|---|---|---|
| 001 | 16789 | ||
| 003 | GE_BSU | ||
| 008 | 181216s||||||||xx |||||||||||||| ||und|| | ||
| 040 | _cGE_BSU | ||
| 080 | _a94(47+57)"1941-1945":821 + 821.353.1-94 | ||
| 100 | _aთავართქილაძე, ნ. | ||
| 245 | _aიყო ასეთი დღეები.[ნაწ. 2] | ||
| 245 | _bნარკვევები | ||
| 245 | _cრედ. ნ.ინასარიძე. | ||
| 260 | _aთბილისი | ||
| 260 | _bსაბჭ. საქართველო | ||
| 260 | _c1962 | ||
| 300 | _a257 გვ. 21სმ. | ||
| 653 | _aიყო ასეთი დღეები | ||
| 653 | _aნარკვევები | ||
| 653 | _aსაბჭოთა კავშირის დიდი სამამულო ომი | ||
| 942 | _cBK | ||
| 999 |
_c49854 _d49854 |
||